[Event "Bremen Silvester op"]
[Site "Bremen"]
[Date "2018.12.29"]
[Round "5"]
[White "Schindehuette, Frank"]
[Black "Kipke, Mark"]
[Result "0-1"]
[WhiteElo "1600"]
[BlackElo "1527"]
[PlyCount "68"]
[EventDate "2018.12.27"]
[EventType "swiss"]
[EventRounds "7"]
[EventCountry "GER"]
[SourceTitle "CBM 188 Extra"]
[Source "ChessBase"]
[SourceDate "2019.02.26"]
[SourceVersion "1"]
[SourceVersionDate "2019.02.26"]
[SourceQuality "1"]

1. f4 d5 2. c4 d4 3. Nf3 c5 4. d3 Nc6 5. e4 dxe3 6. Bxe3 b6 7. Nc3 Bb7 8. Qa4 Nf6 9. Ne5 Qc8 10. Be2 Nd7 11. Bf3 Ncxe5 12. fxe5 Bxf3 13. gxf3 Qb7 14. Ne4 0-0-0 15. Bf4 g6 16. 0-0-0 Bg7 17. Qa3 Bxe5 18. Bxe5 Nxe5 19. f4 Nc6 20. h4 Nd4 21. Rh2 Kb8 22. b4 cxb4 23. Qxb4 Nc6 24. Qb2 Nd4 25. Ng5 Qc7 26. Rf2 e6 27. Ne4 Ka8 28. Rff1 Nf5 29. Qf2 Rc8 30. Rh1 h5 31. Nc3 Kb8 32. Rd2 Rhd8 33. Nb5 Qc6 34. Rh3 Qxb5 0-1

[Event "Bremen Silvester op"]
[Site "Bremen"]
[Date "2018.12.28"]
[Round "4"]
[White "Spreer, Lutz"]
[Black "Kipke, Mark"]
[Result "0-1"]
[WhiteElo "1664"]
[BlackElo "1527"]
[PlyCount "62"]
[EventDate "2018.12.27"]
[EventType "swiss"]
[EventRounds "7"]
[EventCountry "GER"]
[SourceTitle "CBM 188 Extra"]
[Source "ChessBase"]
[SourceDate "2019.02.26"]
[SourceVersion "1"]
[SourceVersionDate "2019.02.26"]
[SourceQuality "1"]

1. e4 c5 2. Nc3 Nc6 3. f4 g6 4. Nf3 Bg7 5. Bb5 e6 6. e5 Nge7 7. Ne4 0-0 8. h4 h5 9. Nfg5 Nd4 10. Be2 Nd5 11. d3 f6 12. exf6 Nxf6 13. c3 Nxe2 14. Qxe2 b6 15. Qf3 d5 16. Ng3 Ng4 17. Bd2 a5 18. 0-0-0 b5 19. Rde1 Ra6 20. Be3 Qe7 21. Kb1 a4 22. a3 b4 23. cxb4 cxb4 24. Rc1 Qb7 25. axb4 Qxb4 26. Rc2 a3 27. Bc5 axb2 28. Rc4 Ra1+ 29. Kc2 b1Q+ 30. Rxb1 Qxb1+ 31. Kd2 Ra2+ 0-1

[Event "Bremen Silvester op"]
[Site "Bremen"]
[Date "2018.12.27"]
[Round "1"]
[White "Kipke, Mark"]
[Black "Schroeter, Baldur"]
[Result "0-1"]
[WhiteElo "1527"]
[BlackElo "2032"]
[PlyCount "78"]
[EventDate "2018.12.27"]
[EventType "swiss"]
[EventRounds "7"]
[EventCountry "GER"]
[SourceTitle "CBM 188 Extra"]
[Source "ChessBase"]
[SourceDate "2019.02.26"]
[SourceVersion "1"]
[SourceVersionDate "2019.02.26"]
[SourceQuality "1"]

1. e4 d5 2. exd5 Nf6 3. Nc3 Nxd5 4. Bc4 c6 5. d4 Bf5 6. Nge2 e6 7. 0-0 Be7 8. Ng3 Bg6 9. Be3 0-0 10. Nxd5 cxd5 11. Bd3 Nc6 12. c3 Bxd3 13. Qxd3 Bd6 14. Qe2 Qh4 15. f4 f5 16. Qd2 Nb8 17. Rae1 Nd7 18. Rf3 Rae8 19. Bf2 Qh6 20. Ne2 Nf6 21. Rh3 Qg6 22. Bh4 Ne4 23. Qe3 b5 24. Ng3 a5 25. Nxe4 fxe4 26. Rf1 Qg4 27. Bg5 h6 28. Bxh6 gxh6 29. Rg3 Qxg3 30. Qxg3+ Kh7 31. Qe3 Rf7 32. a3 Ref8 33. g3 Bb8 34. b4 e5 35. Kg2 exf4 36. gxf4 Bxf4 37. Qe2 Rg7+ 38. Kh3 Rf5 39. Rc1 Bxc1 0-1

[Event "GER-chT U14"]
[Site "Duesseldorf"]
[Date "2016.12.28"]
[Round "3.4"]
[White "Kroemer, Alexander"]
[Black "Kipke, Mark"]
[Result "1-0"]
[WhiteElo "1453"]
[BlackElo "1394"]
[PlyCount "88"]
[EventDate "2016.12.27"]
[EventType "team-swiss"]
[EventRounds "7"]
[EventCountry "GER"]
[SourceTitle "EXT 2018"]
[Source "ChessBase"]
[SourceDate "2017.10.13"]
[SourceVersion "1"]
[SourceVersionDate "2017.10.13"]
[SourceQuality "1"]
[WhiteTeam "Kassel Caissa U14"]
[BlackTeam "Hamburg Koenigsspringer U14"]
[WhiteTeamCountry "GER"]
[BlackTeamCountry "GER"]

1. e4 c5 2. Nc3 Nc6 3. Bb5 g6 4. Bxc6 bxc6 5. Nge2 d5 6. d3 Bg7 7. 0-0 e6 8. f4 Ne7 9. Qe1 0-0 10. e5 Bb7 11. b3 Qd7 12. Na4 Qc7 13. Kh1 c4 14. d4 cxb3 15. cxb3 Rfc8 16. Nc5 a5 17. Bd2 Ba6 18. Bxa5 Qb8 19. Nxa6 Rxa6 20. Bb4 Nf5 21. Qc3 Ne3 22. Bd6 Qa7 23. Qxe3 Rxa2 24. Rxa2 Qxa2 25. Nc1 Qa6 26. Qd3 Qa1 27. Rd1 h5 28. b4 Bh6 29. g3 Kg7 30. Nb3 Qa8 31. Ra1 Qb7 32. Qa6 Qd7 33. Rc1 Qd8 34. b5 h4 35. Qb7 hxg3 36. Be7 Rb8 37. Bf6+ Kg8 38. Bxd8 Rxb7 39. bxc6 Rxb3 40. Bg5 Bxg5 41. c7 Bxf4 42. c8Q+ Kg7 43. Rf1 Bg5 44. Qc7 Rb2 1-0

[Event "GER-chT U14"]
[Site "Verden"]
[Date "2015.12.27"]
[Round "2.4"]
[White "Kipke, Mark"]
[Black "Schede, Wolf"]
[Result "0-1"]
[WhiteElo "1268"]
[BlackElo "1062"]
[PlyCount "96"]
[EventDate "2015.12.27"]
[EventType "team-swiss"]
[EventRounds "7"]
[EventCountry "GER"]
[SourceTitle "EXT 2017"]
[Source "ChessBase"]
[SourceDate "2016.10.25"]
[SourceVersion "1"]
[SourceVersionDate "2016.10.25"]
[SourceQuality "1"]
[WhiteTeam "Koenigsspringer"]
[BlackTeam "Freiburg Zaehringen"]
[WhiteTeamCountry "GER"]
[BlackTeamCountry "GER"]

1. e4 c5 2. Nf3 Nc6 3. c3 d6 4. d4 cxd4 5. cxd4 e6 6. Nc3 Nge7 7. Bc4 d5 8. exd5 exd5 9. Bb3 Bg4 10. Be3 g6 11. h3 Be6 12. 0-0 Bg7 13. Bg5 0-0 14. Ba4 Qc7 15. Re1 Nf5 16. Ne2 Qb6 17. Bxc6 bxc6 18. Qb3 Qxb3 19. axb3 f6 20. Bd2 Rfb8 21. Ng3 Kf7 22. Bc3 Nxg3 23. fxg3 Rxb3 24. Ra6 Rb6 25. Ra4 Bd7 26. Bb4 Bf8 27. Bxf8 Kxf8 28. Ra2 Rb5 29. Rf1 Kf7 30. Ne5+ Ke7 31. Nd3 f5 32. Re1+ Kd6 33. Ra6 Rb3 34. Re3 Re8 35. Kf2 Rxe3 36. Kxe3 Rb7 37. b4 Bc8 38. Kf4 Re7 39. Ra2 Re4+ 40. Kf3 Rxd4 41. Ke3 Re4+ 42. Kd2 a6 43. Kc3 Re3 44. Kd4 Rxg3 45. Ra5 Rxg2 46. Rc5 Rg3 47. b5 axb5 48. Nb4 Bb7 0-1

[Event "GER-chT U10"]
[Site "Magdeburg"]
[Date "2014.12.29"]
[Round "7.1"]
[White "Shevchenko, Alyona"]
[Black "Kipke, Mark"]
[Result "1-0"]
[WhiteElo "1019"]
[BlackElo "1037"]
[PlyCount "53"]
[EventDate "2014.12.27"]
[EventType "team-swiss"]
[EventRounds "7"]
[EventCountry "GER"]
[SourceTitle "EXT 2016"]
[Source "ChessBase"]
[SourceDate "2015.10.08"]
[SourceVersion "1"]
[SourceVersionDate "2015.10.08"]
[SourceQuality "1"]
[WhiteTeam "Karlsruhe"]
[BlackTeam "Koenigsspringer"]
[WhiteTeamCountry "GER"]
[BlackTeamCountry "GER"]

1. e4 c5 2. c3 Nc6 3. Nf3 g6 4. d4 cxd4 5. cxd4 e6 6. Nc3 Bg7 7. Qd3 d6 8. Qe3 Nf6 9. d5 Nb4 10. Nd4 e5 11. Bb5+ Bd7 12. Bxd7+ Qxd7 13. Qd2 exd4 14. Ne2 Na6 15. Qxd4 0-0 16. 0-0 Rfe8 17. Ng3 Nxe4 18. Qd3 Nec5 19. Qd2 Ne4 20. Nxe4 Rxe4 21. Re1 Rae8 22. Rxe4 Rxe4 23. f3 Re5 24. Qf2 Rxd5 25. Qxa7 Bd4+ 26. Qxd4 Rxd4 27. Be3 1-0

[Event "GER-chT U10"]
[Site "Magdeburg"]
[Date "2014.12.28"]
[Round "3.1"]
[White "Boettner, Oliver"]
[Black "Kipke, Mark"]
[Result "0-1"]
[WhiteElo "1110"]
[BlackElo "1037"]
[PlyCount "122"]
[EventDate "2014.12.27"]
[EventType "team-swiss"]
[EventRounds "7"]
[EventCountry "GER"]
[SourceTitle "EXT 2016"]
[Source "ChessBase"]
[SourceDate "2015.10.08"]
[SourceVersion "1"]
[SourceVersionDate "2015.10.08"]
[SourceQuality "1"]
[WhiteTeam "Stralsund"]
[BlackTeam "Koenigsspringer"]
[WhiteTeamCountry "GER"]
[BlackTeamCountry "GER"]

1. e4 c5 2. Nf3 Nc6 3. Bc4 g6 4. 0-0 Bg7 5. c3 Nf6 6. Re1 0-0 7. d4 cxd4 8. cxd4 d5 9. exd5 Nxd5 10. Nc3 Nf6 11. Bg5 Bg4 12. d5 Nb4 13. a3 Na6 14. Re3 Nc5 15. b4 Ncd7 16. Qd3 Bf5 17. Qe2 Re8 18. Re1 Kf8 19. Ne5 Nxe5 20. Rxe5 Rc8 21. Bb5 Bd7 22. Bxd7 Qxd7 23. Nb5 a6 24. Nd4 Rc7 25. b5 Nxd5 26. bxa6 bxa6 27. Qe4 Nc3 28. Qe3 Nd5 29. Qe4 Nf6 30. Qf4 Rc4 31. Rd1 Nh5 32. Qe3 Bxe5 33. Qxe5 Nf6 34. Bxf6 exf6 35. Qxf6 Kg8 36. g3 Qg4 37. Nf3 Rec8 38. Rd8+ Rxd8 39. Qxd8+ Kg7 40. Ne5 Rc1+ 41. Kg2 Qe4+ 42. Nf3 Rc3 43. Qd1 Rd3 44. Qa1+ Kg8 45. Qf6 Qf5 46. Qxf5 gxf5 47. Nh4 Rxa3 48. Nxf5 Rb3 49. Nd4 Rb1 50. h4 a5 51. f4 a4 52. g4 a3 53. Kf3 a2 54. Nc2 Rc1 55. Ke4 Rxc2 56. Kf5 a1Q 57. Kg5 Rc5+ 58. f5 Qg7+ 59. Kf4 Rc4+ 60. Kg3 Qc3+ 61. Kh2 Rd4 0-1

[Event "GER-chT U10"]
[Site "Magdeburg"]
[Date "2014.12.28"]
[Round "5.1"]
[White "Deutsch, Christoph"]
[Black "Kipke, Mark"]
[Result "0-1"]
[WhiteElo "1215"]
[BlackElo "1037"]
[PlyCount "71"]
[EventDate "2014.12.27"]
[EventType "team-swiss"]
[EventRounds "7"]
[EventCountry "GER"]
[SourceTitle "EXT 2016"]
[Source "ChessBase"]
[SourceDate "2015.10.08"]
[SourceVersion "1"]
[SourceVersionDate "2015.10.08"]
[SourceQuality "1"]
[WhiteTeam "Gruendau"]
[BlackTeam "Koenigsspringer"]
[WhiteTeamCountry "GER"]
[BlackTeamCountry "GER"]

1. e4 c5 2. Nc3 Nc6 3. Nf3 g6 4. Bc4 Bg7 5. 0-0 Nf6 6. d3 0-0 7. Be3 d6 8. h3 Bd7 9. Qd2 Qc7 10. a3 a6 11. Ba2 b5 12. Rfe1 Qb6 13. Bd5 e6 14. Ba2 Nd4 15. Qd1 e5 16. Bxd4 cxd4 17. Nd5 Nxd5 18. Bxd5 Rac8 19. Qd2 Bc6 20. Bb3 Rfd8 21. Qe2 a5 22. Ng5 Rc7 23. Qf3 Qb7 24. Qe2 h6 25. Nf3 a4 26. Ba2 Re7 27. Kf1 Rdd7 28. Kg1 Kh7 29. Qd2 d5 30. exd5 Bxd5 31. Bxd5 Qxd5 32. Rab1 Rd8 33. Re2 Qa2 34. Qb4 Qxb1+ 35. Kh2 Rde8 36. Qxb5 0-1